Statistiques concernant Départements Limitrophes de L'Ain

Cliquez ici pour prendre le quiz!

Statistiques générales

  • Ce quiz a été pris 97 fois
  • Le résultat moyen est 6 sur 6

Statistiques - réponses

Departements% Correct
Haute-Savoie
98%
Rhône
98%
Savoie
98%
Jura
93%
Isère
90%
Saône-et-Loire
86%

Distribution des résultats

Percentile par nombre de réponses

% des personnes avec chaque résultat

Votre développement - résultats

Vous n’avez pas pris ce quiz